गोवा की भाषाएँ: (Record no. 204706)

MARC details
000 -LEADER
fixed length control field 11241nam a22002297a 4500
005 - DATE AND TIME OF LATEST TRANSACTION
control field 20250811140106.0
010 ## - LCCN (DPL NO)
LC control number HIN-130226
020 ## - INTERNATIONAL STANDARD BOOK NUMBER
International Standard Book Number 9789354426551
035 ## - SYSTEM CONTROL NUMBER
System control number HN-102572
037 ## - SOURCE OF ACQUISITION
Source of stock number/acquisition DBAD
082 ## - DEWEY DECIMAL CLASSIFICATION NUMBER
Classification number 954.64
100 ## - MAIN ENTRY--PERSONAL NAME
Personal name देवी, गणेश
245 ## - TITLE STATEMENT
Title गोवा की भाषाएँ:
Statement of responsibility, etc गणेश देवी, सरदेसाई, माधवी एवंमावजो, दामोदर द्वारा संपादित
Remainder of title भारतीय भाषा लोक सर्वेक्षण/
260 ## - PUBLICATION, DISTRIBUTION, ETC. (IMPRINT)
Place of publication, distribution, etc हैदराबाद
Name of publisher, distributor, etc ओरियंट ब्लैकस्वान प्राइवेट लिमिटेड
Date of publication, distribution, etc 2024
270 ## - ADDRESS
Address 3-6-752 हिमायातनगर, हेदराबाद ( तेलंगाना)
City हिमायातनगर
Postal code 500029
Electronic mail address centraloffice@oreintblackswan.com
300 ## - PHYSICAL DESCRIPTION
Extent 303 पृष्ठ;
Dimensions 25सेमी(सजिल्द)
490 ## - SERIES STATEMENT
Series statement PLSI खंड 8 , भाग 1
Volume number/sequential designation PLSI खंड 8, भाग 1
700 ## - ADDED ENTRY--PERSONAL NAME
Personal name देवी, गणेश
9 (RLIN) 84043
700 ## - ADDED ENTRY--PERSONAL NAME
Personal name सरदेसाई, माधवी
9 (RLIN) 84044
700 ## - ADDED ENTRY--PERSONAL NAME
Personal name मावजो, दामोदर
9 (RLIN) 84045
942 ## - ADDED ENTRY ELEMENTS (KOHA)
Source of classification or shelving scheme Dewey Decimal Classification
Item type Hindi Books
Classification part 954.64
Call number suffix देवी ग
Holdings
Withdrawn status Lost status Materials specified (bound volume or other part) Not for loan Collection code Home library Current library Date acquired Source of acquisition Cost, normal purchase price Full call number Barcode Copy number Cost, replacement price Koha item type
        Non-fiction Central Library Central Library 11/08/2025 DBAD 2800.00 954.64 देवी ग HN-102572 1 2800.00 Hindi Books
    VOL-1   Non-fiction Narela Narela 02/08/2024 DBAD 306.81 921 लवीय HN-100451 1 306.81 Hindi Books
    VOL-2   Non-fiction Narela Narela 02/08/2024 DBAD 306.81 921 लवीय HN-100452 1 306.81 Hindi Books
    VOL-3   Non-fiction Narela Narela 02/08/2024 DBAD 306.81 921 लवीय HN-100453 1 306.81 Hindi Books
    VOL-4   Non-fiction Narela Narela 02/08/2024 DBAD 306.81 921 लवीय HN-100454 1 306.81 Hindi Books
    VOL-5   Non-fiction Narela Narela 02/08/2024 DBAD 306.81 921 लवीय HN-100455 1 306.81 Hindi Books
    VOL-6   Non-fiction Narela Narela 02/08/2024 DBAD 306.81 921 लवीय HN-100456 1 306.81 Hindi Books
    VOL-7   Non-fiction Narela Narela 02/08/2024 DBAD 306.81 921 लवीय HN-100457 1 306.81 Hindi Books
    VOL-8   Non-fiction Narela Narela 02/08/2024 DBAD 306.81 921 लवीय HN-100458 1 306.81 Hindi Books
    VOL-9   Non-fiction Narela Narela 02/08/2024 DBAD 306.81 921 लवीय HN-100459 1 306.81 Hindi Books
    VOL-10   Non-fiction Narela Narela 02/08/2024 DBAD 306.81 921 लवीय HN-100460 1 306.81 Hindi Books
    VOL-11   Non-fiction Narela Narela 02/08/2024 DBAD 306.81 921 लवीय HN-100461 1 306.81 Hindi Books

© Delhi Public Library
Hit Counter
free hit counter